[Event "Kaluga Tsiolkovsky Memorial op"]
[Site "Kaluga"]
[Date "2016.08.08"]
[Round "3"]
[White "Zaitsev, Aleksey Vik"]
[Black "Priyatelev, Ilia"]
[Result "1-0"]
[WhiteElo "1832"]
[BlackElo "1348"]
[PlyCount "35"]
[EventDate "2016.08.06"]
[EventType "swiss"]
[EventRounds "9"]
[EventCountry "RUS"]
[SourceTitle "CBM 174 Extra"]
[Source "ChessBase"]
[SourceDate "2016.10.10"]
[SourceVersion "1"]
[SourceVersionDate "2016.10.10"]
[SourceQuality "1"]

1. d4 d5 2. c4 Nf6 3. Nf3 Bf5 4. Nc3 e6 5. Bg5 h6 6. Bxf6 Qxf6 7. Qb3 b6 8. cxd5 Bd6 9. e4 Bg4 10. e5 Qf4 11. exd6 cxd6 12. Bb5+ Ke7 13. dxe6 Bxe6 14. Nd5+ Bxd5 15. Qxd5 Nd7 16. 0-0 Rhd8 17. Rfe1+ Kf8 18. Bxd7 1-0

[Event "Tula Rjazanov Memorial"]
[Site "Tula"]
[Date "2016.02.14"]
[Round "9"]
[White "Zaitsev, Aleksey Vik"]
[Black "Timofeev, Sergey"]
[Result "0-1"]
[WhiteElo "1806"]
[BlackElo "2255"]
[PlyCount "72"]
[EventDate "2016.02.05"]
[EventType "swiss"]
[EventRounds "9"]
[EventCountry "RUS"]
[SourceTitle "CBM 171 Extra"]
[Source "ChessBase"]
[SourceDate "2016.04.26"]
[SourceVersion "1"]
[SourceVersionDate "2016.04.26"]
[SourceQuality "1"]

1. e4 c5 2. Nf3 Nc6 3. Bc4 e6 4. Nc3 Be7 5. d3 Nf6 6. 0-0 0-0 7. Bf4 d5 8. exd5 exd5 9. Bb5 Bd6 10. Bg5 Be7 11. Re1 h6 12. Bh4 Bg4 13. Bxc6 bxc6 14. d4 cxd4 15. Qxd4 Bxf3 16. gxf3 Re8 17. Kh1 Nd7 18. Rg1 g6 19. Bg3 Bf6 20. Qd2 Kh7 21. Bf4 g5 22. Bg3 Ne5 23. f4 Ng6 24. fxg5 Bxg5 25. Qd3 Kh8 26. f4 Bf6 27. h4 Bxh4 28. f5 Bxg3 29. fxg6 Qh4+ 30. Kg2 Qh2+ 31. Kf3 Qf2+ 32. Kg4 h5+ 33. Kxh5 Re5+ 34. Kg4 Qf4+ 35. Kh3 Rh5+ 36. Kg2 Qf2# 0-1

[Event "Tula Rjazanov Memorial"]
[Site "Tula"]
[Date "2016.02.06"]
[Round "1"]
[White "Zaitsev, Aleksey Vik"]
[Black "Berenbein, Alexander"]
[Result "0-1"]
[WhiteElo "1806"]
[BlackElo "2115"]
[PlyCount "84"]
[EventDate "2016.02.05"]
[EventType "swiss"]
[EventRounds "9"]
[EventCountry "RUS"]
[SourceTitle "CBM 171 Extra"]
[Source "ChessBase"]
[SourceDate "2016.04.26"]
[SourceVersion "1"]
[SourceVersionDate "2016.04.26"]
[SourceQuality "1"]

1. d4 g6 2. c4 Bg7 3. Nf3 d6 4. Nc3 Nf6 5. e4 0-0 6. Be2 Nbd7 7. 0-0 c5 8. d5 Nb6 9. Ne1 e6 10. Bg5 h6 11. Bf4 exd5 12. exd5 Re8 13. Nf3 Ne4 14. Nxe4 Rxe4 15. Qd2 Qf6 16. Be3 Nxc4 17. Bxc4 Rxc4 18. Bxh6 Bg4 19. Bxg7 Kxg7 20. Qd3 Rb4 21. b3 Bxf3 22. Qxf3 Qxf3 23. gxf3 Rh8 24. Rfe1 Rbh4 25. Re7 Rxh2 26. Rae1 Rh1+ 27. Kg2 Rxe1 28. Rxe1 Kf6 29. f4 b5 30. Kf3 a5 31. Rc1 Rh3+ 32. Kg4 Rd3 33. a4 Rxb3 34. axb5 Rxb5 35. Ra1 c4 36. Kf3 Rxd5 37. Ke4 Rc5 38. Kd4 c3 39. Kd3 c2 40. Kd2 c1Q+ 41. Rxc1 Rxc1 42. Kxc1 Kf5 0-1